Normal view
MARC view
- Rappaport, Julian
Entry Personal Name
001 - CONTROL NUMBER
- control field: 119756
003 - CONTROL NUMBER IDENTIFIER
- control field: NUST
005 - DATE AND TIME OF LATEST TRANSACTION
- control field: 20231218165536.0
008 - FIXED-LENGTH DATA ELEMENTS
- fixed length control field: 231218|| aca||aabn | a|a d
040 ## - CATALOGING SOURCE
- Original cataloging agency: NUST
- Transcribing agency: NUST
100 ## - HEADING--PERSONAL NAME
- Personal name: Rappaport, Julian
670 ## - SOURCE DATA FOUND
- Source citation: Work cat.: (NUST)2559: Handbook of community psychology /, c2000.
